[Event "DEM U12w 2022"]
[Site "Willingen GER"]
[Date "2022.06.10"]
[Round "8"]
[White "Kutz, Ida Klara"]
[Black "Burlutskaia, Maria"]
[Result "1-0"]
[Termination "normal"]
[Board "3"]
[WhiteElo "1327"]
[BlackElo "1408"]
[WhiteClock "00:25:57"]
[BlackClock "00:29:57"]
[PlyCount "91"]
[WhiteFideId "16296257"]
[BlackFideId "34607137"]
[EventCountry "GER"]
[EventRounds "9"]
[EventType "swiss"]
[EventDate "2022.06.04"]

1. c4 {[%clk 01:30:54]} {[%emt 00:00:04]} e6 {[%clk 01:30:57]} {[%emt
00:00:04]} 2. Nc3 {[%clk 01:31:16]} {[%emt 00:00:08]} d5 {[%clk 01:31:17]}
{[%emt 00:00:10]} 3. cxd5 {[%clk 01:31:37]} {[%emt 00:00:08]} exd5 {[%clk
01:31:39]} {[%emt 00:00:08]} 4. d4 {[%clk 01:31:51]} {[%emt 00:00:17]} Nf6
{[%clk 01:31:52]} {[%emt 00:00:17]} 5. Bg5 {[%clk 01:31:09]} {[%emt 00:01:11]}
Bb4 {[%clk 01:29:54]} {[%emt 00:02:29]} 6. e3 {[%clk 01:29:40]} {[%emt
00:01:59]} O-O {[%clk 01:25:52]} {[%emt 00:04:31]} 7. Bd3 {[%clk 01:26:55]}
{[%emt 00:03:15]} Qd6 {[%clk 01:17:57]} {[%emt 00:08:25]} 8. Nf3 {[%clk
01:22:11]} {[%emt 00:05:15]} Ne4 {[%clk 01:13:02]} {[%emt 00:05:24]} 9. Qc2
{[%clk 01:09:30]} {[%emt 00:13:11]} f5 {[%clk 01:05:23]} {[%emt 00:08:09]} 10.
O-O {[%clk 01:05:20]} {[%emt 00:04:41]} c6 {[%clk 01:03:11]} {[%emt 00:02:42]}
11. Bf4 {[%clk 01:03:53]} {[%emt 00:01:56]} Qe7 {[%clk 01:02:21]} {[%emt
00:01:21]} 12. Nd2 {[%clk 00:50:54]} {[%emt 00:13:29]} Nd7 {[%clk 00:53:24]}
{[%emt 00:09:27]} 13. f3 {[%clk 00:47:54]} {[%emt 00:03:30]} Nxd2 14. Qxd2
{[%clk 00:47:49]} h5 {[%clk 00:44:33]} {[%emt 00:04:17]} 15. Qe2 {[%clk
00:44:01]} {[%emt 00:04:19]} g5 {[%clk 00:39:44]} {[%emt 00:05:18]} 16. Bg3
{[%clk 00:41:02]} {[%emt 00:03:29]} h4 {[%clk 00:39:49]} {[%emt 00:00:26]} 17.
Bf2 {[%clk 00:41:04]} {[%emt 00:00:26]} Nf6 {[%clk 00:38:41]} {[%emt 00:01:39]}
18. a3 {[%clk 00:36:53]} {[%emt 00:04:41]} Bd6 {[%clk 00:28:08]} {[%emt
00:11:03]} 19. e4 {[%clk 00:33:14]} {[%emt 00:04:09]} Nh5 {[%clk 00:27:32]}
{[%emt 00:01:05]} 20. exd5 {[%clk 00:17:42]} {[%emt 00:16:03]} Qc7 {[%clk
00:27:39]} {[%emt 00:00:24]} 21. h3 {[%clk 00:15:17]} {[%emt 00:02:54]} Bh2+
{[%clk 00:27:08]} {[%emt 00:01:00]} 22. Kh1 {[%clk 00:15:30]} {[%emt 00:00:18]}
Bg3 {[%clk 00:26:32]} {[%emt 00:01:05]} 23. Qe3 {[%clk 00:14:08]} {[%emt
00:01:52]} Bf4 {[%clk 00:23:18]} {[%emt 00:03:45]} 24. Qe2 {[%clk 00:12:47]}
{[%emt 00:01:50]} Qg7 {[%clk 00:19:20]} {[%emt 00:04:28]} 25. Rae1 {[%clk
00:10:44]} {[%emt 00:02:33]} Bd7 {[%clk 00:17:30]} {[%emt 00:02:20]} 26. dxc6
{[%clk 00:09:31]} {[%emt 00:01:43]} Bxc6 {[%clk 00:17:40]} {[%emt 00:00:20]}
27. Qe7 {[%clk 00:09:20]} {[%emt 00:00:41]} Rf7 {[%clk 00:18:01]} {[%emt
00:00:09]} 28. Bc4 {[%clk 00:08:52]} {[%emt 00:00:59]} Raf8 {[%clk 00:17:32]}
{[%emt 00:00:59]} 29. Bxf7+ {[%clk 00:08:34]} {[%emt 00:00:48]} Rxf7 {[%clk
00:17:57]} {[%emt 00:00:05]} 30. Qe2 {[%clk 00:07:45]} {[%emt 00:01:19]} Ng3+
{[%clk 00:17:26]} {[%emt 00:01:00]} 31. Bxg3 {[%clk 00:08:06]} {[%emt
00:00:08]} hxg3 {[%clk 00:17:54]} {[%emt 00:00:03]} 32. Qc4 {[%clk 00:05:43]}
{[%emt 00:02:54]} Kh8 {[%clk 00:15:18]} {[%emt 00:03:06]} 33. Nd5 {[%clk
00:04:13]} {[%emt 00:02:00]} Bb8 {[%clk 00:09:31]} {[%emt 00:06:16]} 34. Re6
{[%clk 00:03:02]} {[%emt 00:01:41]} Bd7 {[%clk 00:07:14]} {[%emt 00:02:48]} 35.
Re2 {[%clk 00:02:56]} {[%emt 00:00:35]} g4 {[%clk 00:06:44]} {[%emt 00:01:00]}
36. fxg4 {[%clk 00:01:51]} {[%emt 00:01:36]} fxg4 {[%clk 00:07:02]} {[%emt
00:00:12]} 37. Rxf7 {[%clk 00:01:58]} {[%emt 00:00:23]} Qxf7 {[%clk 00:07:22]}
{[%emt 00:00:09]} 38. Ne3 {[%clk 00:01:55]} {[%emt 00:00:32]} Qg6 {[%clk
00:04:44]} {[%emt 00:03:10]} 39. Qc2 {[%clk 00:01:30]} {[%emt 00:00:54]} Qh5
{[%clk 00:04:55]} {[%emt 00:00:19]} 40. Qc5 {[%clk 00:01:04]} {[%emt 00:00:57]}
Qh6 {[%clk 00:05:01]} {[%emt 00:00:23]} 41. Nxg4 {[%clk 00:30:00]} {[%emt
00:01:04]} Qf4 {[%clk 00:33:03]} {[%emt 00:02:28]} 42. Qh5+ {[%clk 00:30:06]}
{[%emt 00:00:54]} Kg7 {[%clk 00:31:25]} {[%emt 00:02:08]} 43. Re7+ {[%clk
00:30:24]} {[%emt 00:00:12]} Kf8 {[%clk 00:31:45]} {[%emt 00:00:09]} 44. Re1
{[%clk 00:28:46]} {[%emt 00:02:08]} Qxd4 {[%clk 00:30:06]} {[%emt 00:02:10]}
45. Rf1+ {[%clk 00:27:27]} {[%emt 00:01:49]} Ke7 {[%clk 00:29:57]} {[%emt
00:00:39]} 46. Qg5+ {[%clk 00:25:57]} {[%emt 00:02:00]} 1-0

[Event "DEM U12w 2022"]
[Site "Willingen GER"]
[Date "2022.06.10"]
[Round "8"]
[White "Xiao, Yiyi"]
[Black "Huber, Laura"]
[Result "1-0"]
[Termination "normal"]
[Board "4"]
[WhiteElo "1064"]
[BlackElo "1340"]
[WhiteClock "01:18:12"]
[BlackClock "00:13:38"]
[PlyCount "51"]
[WhiteFideId "34605665"]
[BlackFideId "16270940"]
[EventCountry "GER"]
[EventRounds "9"]
[EventType "swiss"]
[EventDate "2022.06.04"]

1. e4 {[%clk 01:30:54]} {[%emt 00:00:05]} e5 {[%clk 01:30:58]} {[%emt
00:00:04]} 2. Nf3 {[%clk 01:31:09]} {[%emt 00:00:14]} Nc6 {[%clk 01:31:24]}
{[%emt 00:00:04]} 3. Bc4 {[%clk 01:31:22]} {[%emt 00:00:17]} Nf6 {[%clk
01:31:07]} {[%emt 00:00:48]} 4. d3 {[%clk 01:31:27]} {[%emt 00:00:24]} Bc5
{[%clk 01:30:10]} {[%emt 00:01:26]} 5. Bg5 {[%clk 01:30:51]} {[%emt 00:01:07]}
d6 {[%clk 01:27:18]} {[%emt 00:03:22]} 6. h3 {[%clk 01:29:17]} {[%emt
00:02:04]} Na5 {[%clk 01:18:39]} {[%emt 00:09:09]} 7. Bb3 {[%clk 01:27:52]}
{[%emt 00:01:54]} Nxb3 {[%clk 01:17:34]} {[%emt 00:01:35]} 8. axb3 {[%clk
01:27:43]} {[%emt 00:00:39]} h6 {[%clk 01:10:05]} {[%emt 00:08:00]} 9. Bh4
{[%clk 01:27:02]} {[%emt 00:01:11]} g5 {[%clk 00:57:37]} {[%emt 00:12:58]} 10.
Bg3 {[%clk 01:26:11]} {[%emt 00:01:22]} Nh5 {[%clk 00:56:15]} {[%emt 00:01:51]}
11. Nc3 {[%clk 01:25:18]} {[%emt 00:01:23]} Nxg3 {[%clk 00:55:24]} {[%emt
00:01:21]} 12. fxg3 {[%clk 01:25:23]} {[%emt 00:00:24]} a6 {[%clk 00:48:13]}
{[%emt 00:07:43]} 13. d4 {[%clk 01:24:54]} {[%emt 00:00:58]} exd4 {[%clk
00:46:04]} {[%emt 00:02:40]} 14. Nxd4 {[%clk 01:24:41]} {[%emt 00:00:42]} c6
{[%clk 00:36:16]} {[%emt 00:10:18]} 15. Rf1 {[%clk 01:23:30]} {[%emt 00:01:41]}
h5 {[%clk 00:26:22]} {[%emt 00:10:24]} 16. Qf3 {[%clk 01:22:09]} {[%emt
00:01:51]} Qe7 {[%clk 00:21:40]} {[%emt 00:05:12]} 17. Nf5 {[%clk 01:20:26]}
{[%emt 00:02:13]} Qf8 {[%clk 00:20:17]} {[%emt 00:01:54]} 18. O-O-O {[%clk
01:19:34]} {[%emt 00:01:21]} Be6 {[%clk 00:20:00]} {[%emt 00:00:47]} 19. e5
{[%clk 01:18:23]} {[%emt 00:01:41]} d5 {[%clk 00:19:24]} {[%emt 00:01:06]} 20.
Na4 {[%clk 01:18:11]} {[%emt 00:00:43]} Bxf5 {[%clk 00:17:01]} {[%emt
00:02:52]} 21. Qxf5 {[%clk 01:17:31]} {[%emt 00:01:10]} Be7 {[%clk 00:16:39]}
{[%emt 00:00:53]} 22. Nb6 {[%clk 01:17:42]} {[%emt 00:00:18]} Rd8 {[%clk
00:16:54]} {[%emt 00:00:15]} 23. e6 {[%clk 01:17:47]} {[%emt 00:00:25]} Qg7
{[%clk 00:13:14]} {[%emt 00:04:10]} 24. exf7+ {[%clk 01:17:40]} {[%emt
00:00:37]} Kf8 {[%clk 00:13:31]} {[%emt 00:00:13]} 25. Nd7+ {[%clk 01:17:52]}
{[%emt 00:00:17]} Rxd7 {[%clk 00:13:38]} {[%emt 00:00:24]} 26. Qxd7 {[%clk
01:18:12]} {[%emt 00:00:10]} 1-0

[Event "DEM U12w 2022"]
[Site "Willingen GER"]
[Date "2022.06.10"]
[Round "8"]
[White "Halas, Neele Zoe"]
[Black "Dodul, Alice"]
[Result "1/2-1/2"]
[Termination "normal"]
[Board "5"]
[WhiteElo "1415"]
[BlackElo "1329"]
[WhiteClock "00:12:10"]
[BlackClock "00:37:30"]
[PlyCount "69"]
[WhiteFideId "16287282"]
[BlackFideId "34623817"]
[EventCountry "GER"]
[EventRounds "9"]
[EventType "swiss"]
[EventDate "2022.06.04"]

1. e4 {[%clk 01:30:59]} {[%emt 00:00:01]} e5 {[%clk 01:30:54]} {[%emt
00:00:06]} 2. Nf3 {[%clk 01:31:24]} {[%emt 00:00:05]} Nc6 {[%clk 01:31:16]}
{[%emt 00:00:07]} 3. d4 {[%clk 01:31:50]} {[%emt 00:00:05]} exd4 {[%clk
01:31:34]} {[%emt 00:00:12]} 4. Nxd4 {[%clk 01:32:14]} {[%emt 00:00:05]} Bc5
{[%clk 01:31:50]} {[%emt 00:00:15]} 5. Be3 {[%clk 01:32:38]} {[%emt 00:00:06]}
Qf6 {[%clk 01:31:52]} {[%emt 00:00:27]} 6. c3 {[%clk 01:33:00]} {[%emt
00:00:09]} Nge7 {[%clk 01:32:06]} {[%emt 00:00:15]} 7. Be2 {[%clk 01:27:59]}
{[%emt 00:05:31]} O-O {[%clk 01:30:01]} {[%emt 00:02:36]} 8. O-O {[%clk
01:26:54]} {[%emt 00:01:34]} d6 {[%clk 01:28:34]} {[%emt 00:01:57]} 9. Nxc6
{[%clk 01:17:59]} {[%emt 00:09:25]} Nxc6 {[%clk 01:26:51]} {[%emt 00:02:13]}
10. Bxc5 {[%clk 01:17:10]} {[%emt 00:01:20]} dxc5 {[%clk 01:26:49]} {[%emt
00:00:32]} 11. Nd2 {[%clk 01:15:34]} {[%emt 00:02:06]} Qg6 {[%clk 01:24:34]}
{[%emt 00:02:45]} 12. Kh1 {[%clk 01:11:21]} {[%emt 00:04:42]} b6 {[%clk
01:19:54]} {[%emt 00:05:10]} 13. f3 {[%clk 01:10:40]} {[%emt 00:01:11]} Bb7
{[%clk 01:16:45]} {[%emt 00:03:39]} 14. Nc4 {[%clk 01:08:05]} {[%emt 00:03:03]}
Rad8 {[%clk 01:12:13]} {[%emt 00:05:04]} 15. Qc2 {[%clk 00:48:17]} {[%emt
00:20:17]} b5 {[%clk 01:08:07]} {[%emt 00:04:38]} 16. Ne3 {[%clk 00:47:57]}
{[%emt 00:00:48]} a6 {[%clk 01:05:23]} {[%emt 00:03:16]} 17. Nf5 {[%clk
00:41:03]} {[%emt 00:07:24]} Qf6 {[%clk 00:57:59]} {[%emt 00:07:53]} 18. Rad1
{[%clk 00:39:38]} {[%emt 00:01:55]} Ne7 {[%clk 00:54:55]} {[%emt 00:03:34]} 19.
Nxe7+ {[%clk 00:36:58]} {[%emt 00:03:10]} Qxe7 {[%clk 00:54:27]} {[%emt
00:00:58]} 20. Rxd8 {[%clk 00:32:35]} {[%emt 00:04:53]} Rxd8 {[%clk 00:53:23]}
{[%emt 00:01:35]} 21. Rd1 {[%clk 00:30:40]} {[%emt 00:02:25]} Rxd1+ {[%clk
00:52:55]} {[%emt 00:00:57]} 22. Qxd1 {[%clk 00:30:51]} {[%emt 00:00:19]} Qd6
{[%clk 00:52:11]} {[%emt 00:01:14]} 23. Qxd6 {[%clk 00:30:00]} {[%emt
00:01:21]} cxd6 {[%clk 00:52:27]} {[%emt 00:00:14]} 24. c4 {[%clk 00:30:02]}
{[%emt 00:00:28]} b4 {[%clk 00:52:20]} {[%emt 00:00:37]} 25. Kg1 {[%clk
00:27:41]} {[%emt 00:02:51]} Kf8 {[%clk 00:52:14]} {[%emt 00:00:37]} 26. Kf2
{[%clk 00:27:31]} {[%emt 00:00:40]} Ke7 {[%clk 00:51:35]} {[%emt 00:01:08]} 27.
Ke3 {[%clk 00:26:04]} {[%emt 00:01:57]} g5 {[%clk 00:50:19]} {[%emt 00:01:46]}
28. g4 {[%clk 00:17:54]} {[%emt 00:08:40]} h6 {[%clk 00:49:19]} {[%emt
00:01:31]} 29. h3 {[%clk 00:17:18]} {[%emt 00:01:06]} Ke6 {[%clk 00:48:29]}
{[%emt 00:01:20]} 30. b3 {[%clk 00:14:05]} {[%emt 00:03:43]} Ke5 {[%clk
00:47:23]} {[%emt 00:01:36]} 31. Bd3 {[%clk 00:13:58]} {[%emt 00:00:36]} a5
{[%clk 00:44:50]} {[%emt 00:03:03]} 32. Be2 {[%clk 00:12:47]} {[%emt 00:01:41]}
Bc6 {[%clk 00:43:27]} {[%emt 00:01:53]} 33. Bd3 {[%clk 00:12:35]} {[%emt
00:00:42]} a4 {[%clk 00:40:15]} {[%emt 00:03:41]} 34. Be2 {[%clk 00:12:29]}
{[%emt 00:00:36]} Bd7 {[%clk 00:37:30]} {[%emt 00:03:16]} 35. Bd3 {[%clk
00:12:10]} {[%emt 00:00:48]} 1/2-1/2

[Event "DEM U12w 2022"]
[Site "Willingen GER"]
[Date "2022.06.10"]
[Round "8"]
[White "Wagner, Cosima"]
[Black "Mehner, Clara"]
[Result "0-1"]
[Termination "normal"]
[Board "6"]
[WhiteElo "1362"]
[BlackElo "1056"]
[WhiteClock "00:08:39"]
[BlackClock "00:14:17"]
[PlyCount "120"]
[WhiteFideId "34603484"]
[BlackFideId "34612165"]
[EventCountry "GER"]
[EventRounds "9"]
[EventType "swiss"]
[EventDate "2022.06.04"]

1. e4 {[%clk 01:30:59]} e6 {[%clk 01:30:52]} {[%emt 00:00:08]} 2. b3 {[%clk
01:31:25]} {[%emt 00:00:05]} d5 {[%clk 01:30:39]} {[%emt 00:00:43]} 3. Bb2
{[%clk 01:31:46]} {[%emt 00:00:09]} Nf6 {[%clk 01:28:00]} {[%emt 00:03:08]} 4.
exd5 {[%clk 01:32:06]} {[%emt 00:00:10]} exd5 {[%clk 01:27:57]} {[%emt
00:00:33]} 5. Nf3 {[%clk 01:25:18]} {[%emt 00:07:18]} Be6 {[%clk 01:26:25]}
{[%emt 00:02:02]} 6. d4 {[%clk 01:18:36]} {[%emt 00:07:12]} Nbd7 {[%clk
01:23:13]} {[%emt 00:03:42]} 7. Nc3 {[%clk 01:16:45]} {[%emt 00:02:21]} Bb4
{[%clk 01:21:09]} {[%emt 00:02:34]} 8. Bd3 {[%clk 01:12:38]} {[%emt 00:04:37]}
O-O {[%clk 01:17:54]} {[%emt 00:03:45]} 9. O-O {[%clk 01:09:53]} {[%emt
00:03:16]} Re8 {[%clk 01:14:17]} {[%emt 00:04:06]} 10. Ne5 {[%clk 01:02:37]}
{[%emt 00:07:46]} Nxe5 {[%clk 01:11:00]} {[%emt 00:03:47]} 11. dxe5 {[%clk
01:03:00]} {[%emt 00:00:07]} Ng4 {[%clk 01:10:01]} {[%emt 00:01:29]} 12. a3
{[%clk 00:57:09]} {[%emt 00:06:22]} Ba5 {[%clk 01:09:52]} {[%emt 00:00:38]} 13.
Qe2 {[%clk 00:51:36]} {[%emt 00:06:04]} c6 {[%clk 01:05:05]} {[%emt 00:05:16]}
14. f4 {[%clk 00:47:13]} {[%emt 00:04:54]} Bd7 {[%clk 01:02:34]} {[%emt
00:03:00]} 15. Qf3 {[%clk 00:41:14]} {[%emt 00:06:27]} Qh4 {[%clk 00:57:54]}
{[%emt 00:05:12]} 16. Qg3 {[%clk 00:34:23]} {[%emt 00:07:21]} Bb6+ {[%clk
00:56:56]} {[%emt 00:01:29]} 17. Kh1 {[%clk 00:31:24]} {[%emt 00:03:29]} Nf2+
{[%clk 00:56:46]} {[%emt 00:00:40]} 18. Rxf2 {[%clk 00:30:15]} {[%emt
00:01:39]} Qxg3 {[%clk 00:56:22]} {[%emt 00:00:55]} 19. hxg3 {[%clk 00:29:19]}
{[%emt 00:01:25]} Bxf2 {[%clk 00:56:28]} {[%emt 00:00:24]} 20. Ne2 {[%clk
00:28:50]} {[%emt 00:00:59]} Re6 {[%clk 00:56:10]} {[%emt 00:00:44]} 21. Bf5
{[%clk 00:26:41]} {[%emt 00:02:43]} Rh6+ {[%clk 00:52:02]} {[%emt 00:04:37]}
22. Bh3 {[%clk 00:27:04]} {[%emt 00:00:07]} Re8 {[%clk 00:48:05]} {[%emt
00:04:28]} 23. Kh2 {[%clk 00:22:58]} {[%emt 00:04:35]} Rh5 {[%clk 00:44:24]}
{[%emt 00:04:11]} 24. Rf1 {[%clk 00:21:05]} {[%emt 00:02:25]} Bb6 {[%clk
00:40:08]} {[%emt 00:04:45]} 25. Rd1 {[%clk 00:15:02]} {[%emt 00:06:33]} Re6
{[%clk 00:37:00]} {[%emt 00:03:38]} 26. g4 {[%clk 00:14:15]} {[%emt 00:01:17]}
Rh4 {[%clk 00:28:53]} {[%emt 00:08:36]} 27. Kg3 {[%clk 00:11:25]} {[%emt
00:03:20]} Reh6 {[%clk 00:24:23]} {[%emt 00:04:59]} 28. g5 {[%clk 00:10:58]}
{[%emt 00:00:58]} Rxh3+ {[%clk 00:22:51]} {[%emt 00:02:01]} 29. gxh3 {[%clk
00:11:08]} {[%emt 00:00:21]} Rxh3+ {[%clk 00:23:07]} {[%emt 00:00:14]} 30. Kg2
{[%clk 00:10:18]} {[%emt 00:01:20]} Bg4 {[%clk 00:18:36]} {[%emt 00:05:01]} 31.
Re1 {[%clk 00:08:24]} {[%emt 00:02:24]} Re3 {[%clk 00:18:07]} {[%emt 00:00:58]}
32. Kf1 {[%clk 00:07:42]} {[%emt 00:01:13]} Bh3+ {[%clk 00:14:18]} {[%emt
00:04:19]} 33. Kf2 {[%clk 00:06:40]} {[%emt 00:01:32]} Rd3+ {[%clk 00:12:22]}
{[%emt 00:02:26]} 34. Bd4 {[%clk 00:05:09]} {[%emt 00:02:01]} Bxd4+ {[%clk
00:12:35]} {[%emt 00:00:17]} 35. Nxd4 {[%clk 00:05:33]} {[%emt 00:00:06]} Rxd4
{[%clk 00:12:54]} {[%emt 00:00:11]} 36. Ke3 {[%clk 00:05:10]} {[%emt 00:00:53]}
Re4+ {[%clk 00:12:53]} {[%emt 00:00:30]} 37. Kf2 {[%clk 00:05:34]} {[%emt
00:00:07]} Rxe1 {[%clk 00:12:58]} {[%emt 00:00:25]} 38. Kxe1 {[%clk 00:05:58]}
{[%emt 00:00:05]} Kf8 {[%clk 00:12:40]} {[%emt 00:00:49]} 39. Kf2 {[%clk
00:05:56]} {[%emt 00:00:32]} Bg4 {[%clk 00:12:37]} {[%emt 00:00:32]} 40. c3
{[%clk 00:06:08]} {[%emt 00:00:19]} Ke7 {[%clk 00:12:12]} {[%emt 00:00:55]} 41.
Kg3 {[%clk 00:06:11]} {[%emt 00:00:27]} Bd1 {[%clk 00:12:09]} {[%emt 00:00:34]}
42. b4 {[%clk 00:06:31]} {[%emt 00:00:09]} Ke6 {[%clk 00:12:09]} {[%emt
00:00:30]} 43. Kh4 {[%clk 00:06:03]} {[%emt 00:00:58]} Kf5 {[%clk 00:12:09]}
{[%emt 00:00:30]} 44. Kg3 {[%clk 00:06:16]} {[%emt 00:00:11]} Ke4 {[%clk
00:11:52]} {[%emt 00:00:53]} 45. Kf2 {[%clk 00:06:29]} {[%emt 00:00:18]} Kxf4
{[%clk 00:12:09]} {[%emt 00:00:12]} 46. Ke1 {[%clk 00:06:49]} {[%emt 00:00:10]}
Bb3 {[%clk 00:11:38]} {[%emt 00:01:01]} 47. g6 {[%clk 00:07:06]} {[%emt
00:00:12]} hxg6 {[%clk 00:11:46]} {[%emt 00:00:22]} 48. e6 {[%clk 00:07:25]}
{[%emt 00:00:12]} fxe6 {[%clk 00:12:07]} {[%emt 00:00:09]} 49. c4 {[%clk
00:07:41]} {[%emt 00:00:13]} Bxc4 {[%clk 00:12:14]} {[%emt 00:00:24]} 50. b5
{[%emt 00:00:27]} Bxb5 {[%clk 00:12:30]} {[%emt 00:00:13]} 51. a4 {[%clk
00:08:04]} {[%emt 00:00:12]} Bxa4 {[%clk 00:12:51]} {[%emt 00:00:08]} 52. Kf2
{[%clk 00:08:20]} {[%emt 00:00:13]} b5 {[%clk 00:12:51]} {[%emt 00:00:30]} 53.
Ke2 {[%clk 00:07:20]} {[%emt 00:01:31]} Ke4 {[%clk 00:13:06]} {[%emt 00:00:14]}
54. Kd2 {[%clk 00:07:41]} {[%emt 00:00:09]} Kd4 {[%clk 00:13:04]} {[%emt
00:00:31]} 55. Kc1 {[%clk 00:07:45]} {[%emt 00:00:26]} Kc3 {[%clk 00:13:20]}
{[%emt 00:00:15]} 56. Kb1 {[%clk 00:07:56]} {[%emt 00:00:20]} d4 {[%clk
00:13:42]} {[%emt 00:00:09]} 57. Kc1 {[%clk 00:07:52]} {[%emt 00:00:33]} d3
{[%clk 00:14:02]} {[%emt 00:00:09]} 58. Kb1 {[%clk 00:08:11]} {[%emt 00:00:11]}
d2 {[%clk 00:14:11]} {[%emt 00:00:22]} 59. Ka2 {[%clk 00:08:29]} {[%emt
00:00:12]} d1=Q {[%clk 00:14:24]} {[%emt 00:00:17]} 60. Ka3 {[%clk 00:08:39]}
{[%emt 00:00:20]} Qb3# {[%clk 00:14:17]} {[%emt 00:00:06]} 0-1